Super economies: (Record no. 95874)

MARC details
000 -LEADER
fixed length control field 01076nam a22002537a 4500
005 - DATE AND TIME OF LATEST TRANSACTION
control field 20170809141705.0
010 ## - LCCN (DPL NO)
LC control number 1516EN07 ENG-114875
020 ## - INTERNATIONAL STANDARD BOOK NUMBER
International Standard Book Number 9780670088126
Terms of availability 699.00
035 ## - SYSTEM CONTROL NUMBER
System control number EN-98407
035 ## - SYSTEM CONTROL NUMBER
System control number B-605876-885
035 ## - SYSTEM CONTROL NUMBER
System control number B-664985
037 ## - SOURCE OF ACQUISITION
Stock number dpl
Source of stock number/acquisition Blueberry/Ven
037 ## - SOURCE OF ACQUISITION
Source of stock number/acquisition DBAD/PUB
082 ## - DEWEY DECIMAL CLASSIFICATION NUMBER
Classification number 338.9
100 ## - MAIN ENTRY--PERSONAL NAME
Personal name Bahl, Raghav
245 ## - TITLE STATEMENT
Title Super economies:
Statement of responsibility, etc by Raghav Bahl
Remainder of title America, India, China & the future of the world /
260 ## - PUBLICATION, DISTRIBUTION, ETC. (IMPRINT)
Name of publisher, distributor, etc Penguin Books
Date of publication, distribution, etc 2015
Place of publication, distribution, etc Gurgaon
270 ## - ADDRESS
Address 7th Floor, Infinity Tower C, DLF Cyber City
City Gurgaon
Postal code 122002
300 ## - PHYSICAL DESCRIPTION
Extent xxi,392p.
Dimensions 24cm(Hb)
500 ## - GENERAL NOTE
General note Includes bibliographical references and index
942 ## - ADDED ENTRY ELEMENTS (KOHA)
Source of classification or shelving scheme Dewey Decimal Classification
Item type English Books
Call number suffix BAH
Classification part 338.9
Holdings
Withdrawn status Lost status Not for loan Collection code Home library Current library Date acquired Source of acquisition Cost, normal purchase price Full call number Barcode Copy number Cost, replacement price Koha item type
      Non-fiction Ashok Vihar Ashok Vihar 09/08/2017 BPPD/EN/2015-16/AV/2016-17/390/15.02.2017/IN16115/27.02.2017/07.03.2017 699.00 338.9 BAH B-664985 1 699.00 English Books
    Not For Loan Non-fiction D.B.Act.Division Bawana 10/02/2016 DBAD/PUB 699.00 BAH EN-98407 1 699.00 English Books
      Non-fiction Bawana Bawana 29/06/2016 IN14243/28.9.2015/114/16.9.2015/15.10.2015 699.00 338.9 BAH B-605885 1 699.00 English Books
      Non-fiction Central Jail Tihar Central Jail Tihar 29/06/2016 IN14243/28.9.2015/114/16.9.2015/15.10.2015 699.00 338.9 BAH B-605880 1 699.00 English Books
      Non-fiction Central Library Central Library 29/06/2016 IN14243/28.9.2015/114/16.9.2015/15.10.2015 699.00 338.9 BAH B-605876 1 699.00 English Books
    Not For Loan Reference Central Library Central Library 29/06/2016 IN14243/28.9.2015/114/16.9.2015/15.10.2015 699.00 338.9 BAH B-605877 1 699.00 English Books
      Non-fiction Janak Puri Janak Puri 29/06/2016 IN14243/28.9.2015/114/16.9.2015/15.10.2015 699.00 338.9 BAH B-605881 1 699.00 English Books
      Non-fiction Karol Bagh Karol Bagh 29/06/2016 IN14243/28.9.2015/114/16.9.2015/15.10.2015 699.00 338.9 BAH B-605883 1 699.00 English Books
      Non-fiction Kasturba Gandhi Marg Kasturba Gandhi Marg 29/06/2016 IN14243/28.9.2015/114/16.9.2015/15.10.2015 699.00 338.9 BAH B-605879 1 699.00 English Books
      Non-fiction Narela Narela 29/06/2016 IN14243/28.9.2015/114/16.9.2015/15.10.2015 699.00 338.9 BAH B-605884 1 699.00 English Books
      Non-fiction Patel Nagar Patel Nagar 29/06/2016 IN14243/28.9.2015/114/16.9.2015/15.10.2015 699.00 338.9 BAH B-605878 1 699.00 English Books
      Non-fiction Sarojini Nagar Sarojini Nagar 29/06/2016 IN14243/28.9.2015/114/16.9.2015/15.10.2015 699.00 338.9 BAH B-605882 1 699.00 English Books

© Delhi Public Library
Hit Counter
free hit counter